Race against time / (Record no. 339949)
[ view plain ]
| 000 -LEADER | |
|---|---|
| fixed length control field | 00727nam a2200301Ia 4500 |
| 008 - FIXED-LENGTH DATA ELEMENTS--GENERAL INFORMATION | |
| fixed length control field | 170711s9999 xx 000 0 und d |
| 020 ## - INTERNATIONAL STANDARD BOOK NUMBER | |
| International Standard Book Number | 9780887847332 |
| 050 ## - LIBRARY OF CONGRESS CALL NUMBER | |
| Classification number | 361.26 |
| 050 ## - LIBRARY OF CONGRESS CALL NUMBER | |
| Item number | L673 2005 |
| 100 ## - MAIN ENTRY--PERSONAL NAME | |
| Personal name | Lewis, Stephen |
| 245 ## - TITLE STATEMENT | |
| Title | Race against time / |
| 245 ## - TITLE STATEMENT | |
| Statement of responsibility, etc | by Stephen Lewis. |
| 260 ## - PUBLICATION, DISTRIBUTION, ETC. (IMPRINT) | |
| Place of publication, distribution, etc | Canada : |
| 260 ## - PUBLICATION, DISTRIBUTION, ETC. (IMPRINT) | |
| Name of publisher, distributor, etc | Anansi, |
| 260 ## - PUBLICATION, DISTRIBUTION, ETC. (IMPRINT) | |
| Date of publication, distribution, etc | 2005 |
| 300 ## - PHYSICAL DESCRIPTION | |
| Extent | xvi, 198 pages : |
| 300 ## - PHYSICAL DESCRIPTION | |
| Other physical details | illustration ; |
| 300 ## - PHYSICAL DESCRIPTION | |
| Dimensions | 20cm. |
| 440 ## - SERIES STATEMENT/ADDED ENTRY--TITLE | |
| Title | Massey lectures series. |
| 500 ## - GENERAL NOTE | |
| General note | Includes glossary. |
| 650 ## - SUBJECT ADDED ENTRY--TOPICAL TERM | |
| Topical term or geographic name as entry element | Human rights -- |
| 650 ## - SUBJECT ADDED ENTRY--TOPICAL TERM | |
| Topical term or geographic name as entry element | Millennium Development Goals. |
| 650 ## - SUBJECT ADDED ENTRY--TOPICAL TERM | |
| Topical term or geographic name as entry element | Poverty. |
| 650 ## - SUBJECT ADDED ENTRY--TOPICAL TERM | |
| Topical term or geographic name as entry element | United Nations. |
| 650 ## - SUBJECT ADDED ENTRY--TOPICAL TERM | |
| General subdivision | Africa. |
| 700 ## - ADDED ENTRY--PERSONAL NAME | |
| Personal name | Series. |
| 700 ## - ADDED ENTRY--PERSONAL NAME | |
| Personal name | Title. |
No items available.